000 00319 a2200121 4500
000 nam a22 7a 4500
005 20260206104128.0
020 _a9789348409362
100 _aRavindranath Thakur , Translator Anuradha banerji
_91114073
245 _aAntim Satya
260 _bAnanya Prakashan
_c2025
942 _cTEXL
999 _c1678758
_d1678758